Statistics for Valorant Esports Transfers 2023

Click here to take the quiz!

General Stats

  • This quiz has been taken 41 times
  • The average score is 11 of 22

Answer Stats

HintAnswer% Correct
LOUD to Leviatánaspas
87%
DSG to BLEED Esportsyay
84%
NRG to NaViardiis
82%
NaVi to FUT EsportscNed
76%
Paper Rex to Global EsportsBenkai
74%
Cloud9 to Sentinels (SUB)Zellsis
74%
Global Esports to Paper RexMonyet
71%
The Guard to G2Trent
66%
Cloud9 to G2leaf
58%
The Guard to G2valyn
58%
The Guard to G2JonahP
55%
Team Liquid to GiantsRedgar
55%
Team Liquid to VitalitySayf
53%
The Guard to G2neT
47%
None to Team Hereticsbenjyfishy
45%
Sentinels to G2 Esports (COACH)Dani
18%
Leviatán to KRÜ Esportskeznit
18%
Global Esports to Gen.Gt3xture
16%
None to Global EsportsRuss
11%
Boom Esports to Global EsportsblaZek1ng
8%
FunPlus Phoenix to Attacking Soul EsportsYuicaw
8%
Global Esports to RetiredWRONSKI
5%

Score Distribution

Percentile by Number Answered

Percent of People with Each Score

Your Score History

You have not taken this quiz